000 00867nas a2200277 4500
001 BR0503046
003 BR-BrBNA
005 20231205105428.0
007 ta
008 230509b bl.|||p| |||| 00| 00por d
040 _aBR-BrBNA
_bpor
_cBiblioteca Nacional de Agricultura
041 _a(Pt)
072 _aF04; F08
100 1 _aBarbosa Filho, M.P.
100 1 _aFageria, N.K.
100 1 _aSilva, O.F. da
245 1 _aFontes, doses e parcelamento da adubação nitrogenada em cobertura para feijoeiro comum irrigado
650 _aFEIJÃO
650 _aFERTILIZANTE NITROGENADO
650 _aADUBAÇÃO
650 _aROTAÇÃO DE CULTURA
650 _aCULTIVO MÍNIMO
773 0 _tCiência e Agrotecnologia (Brazil)
_xISSN 1413-7054
_g(Jan-Feb 2005), v. 29(1) p. 69-76
_wBR0503046
909 _a202311
_bLúcia
_c55
_dLúcia Elande
942 _2AGRIS
_n0
_cANA
999 _c182921
_d182921